[Event "RUS-ch 57th"]
[Site "Moscow"]
[Date "2004.11.25"]
[Round "9"]
[White "Grischuk, Alexander"]
[Black "Bareev, Evgeny"]
[Result "1-0"]
[WhiteElo "2704"]
[BlackElo "2715"]
[Annotator "Dautov,R"]
[PlyCount "109"]
[EventDate "2004.11.15"]
[EventType "tourn"]
[EventRounds "11"]
[EventCountry "RUS"]
[EventCategory "18"]
[SourceTitle "CBM 104"]
[Source "ChessBase"]
[SourceDate "2005.01.27"]
[SourceVersion "1"]
[SourceVersionDate "2005.01.27"]
[SourceQuality "1"]

1. e4 c6 2. d4 d5 3. exd5 cxd5 4. c4 Nf6 5. Nc3 Nc6 6. Bg5 dxc4 7. Bxc4 Qxd4 {
Diese bekannte theoretische Variante in der Zeit der modernen starken Rechner
zu spielen ist äußerst riskant für Schwarz. Der Nachziehende muß nicht selten
einen einzigen schmalen Grat finden, der ihm Remis sichert, was mit begrenzter
Bedenkzeit schwierig ist.} (7... Nxd4 $6 8. Nf3 Nxf3+ 9. Qxf3 $36) 8. Qxd4 Nxd4
9. O-O-O e5 10. f4 Bg4 11. Nf3 Nxf3 $2 {Vorzuziehen ist die Fortsetzung 11...
Bxf3.} (11... Bxf3 $1 12. gxf3 Rc8 $1 13. fxe5 Rxc4 14. exf6 g6 (14... Ne6 15.
Rhe1 Rc8 $2 (15... g6) 16. Kb1 h6 $2 17. Be3 $16 {Nielsen,P-Dominguez,L/
Esbjerg 2003}) 15. Rhe1+ (15. Be3 Ne6 $8 16. Bxa7 Bb4 $10) 15... Ne6 16. Kb1
Rc6 $1 17. Nd5 Bd6 18. Bh6 Kd7 19. Re2 Rd8 $11 {Hansen,S-Nielsen,P/Copenhagen
1996}) 12. gxf3 Bxf3 13. fxe5 Bxh1 $2 {Nach der Partie kann man den Textzug
getrost als einen spielentscheidenden Fehler bezeichnen und 11...Nd7 als den
einzigen Zug.} (13... Bxd1 $2 14. Rxd1 $18) (13... Nd7 14. Rhf1 Rc8 15. e6 (15.
Bb3 Bh5) 15... fxe6 16. Bxe6 Rxc3+ 17. bxc3 Ba3+ 18. Kc2 Bxd1+ 19. Rxd1 Nf6 20.
Bxf6 gxf6 21. Rd7 $16 {Meiner gefühlsmäßigen Einschätzung nach dürfte das
Endspiel für Schwarz haltbar sein.}) 14. exf6 Rc8 (14... Bc6 $2 15. Nb5 $18)
15. Re1+ Kd7 16. Rd1+ $1 $16 {Eine gewinnbringende Neuerung! Der schwarze
König wird als erstes das Rochaderecht verlieren.} (16. Bxf7 Rxc3+ 17. bxc3
Ba3+ 18. Kc2 gxf6 19. Be6+ Kc7 20. Bxf6 Re8 $11 {Mainka,G-Buecker,P/Dortmund
1989}) 16... Bd6 {Bareev gibt einen Läufer sofort ab und sucht die Rettung in
dem entstehenden schweren Endspiel. Aber auch das naheliegende 16...Ke8 war
kaum besser.} (16... Ke8 17. Bd3 $1 (17. Bf1 g6 18. Re1+ Kd8 $11) 17... Rxc3+ (
17... Bd5 $2 18. Kb1 Rxc3 19. Bb5+ $3 Rc6 20. Rxd5 g6 21. Bf4 $18 {/\Bc7}) 18.
bxc3 Bc6 19. Bc4 Ba3+ 20. Kc2 g6 21. Kb3 Bc5 22. Re1+ Kd7 23. Bxf7 $16 {
Es ist fraglich, ob sich Schwarz angesichts Be6 nebst f7 retten kann.}) 17. Be2
gxf6 18. Bxf6 Bg2 19. Be5 Ke6 20. Bxd6 Rhd8 21. Bg3 Rxd1+ 22. Kxd1 a6 23. Kd2 {
Höchstwahrscheinlich begann die Partie für Grischuk erst jetzt. Weiß hat eine
technisch gewonnene Stellung.} Kf5 $2 {Gibt einen Bauern in der Hoffnung auf
etwas Gegenspiel ab.} (23... f5 24. Ke3 b5 25. a3 $18 {/\Bd3, Kf4}) 24. Bd3+
Kg4 25. Nd1 $1 Kg5 26. Bxh7 {Der Rest ist nicht schwer.} Rf8 (26... f5 $2 27.
Bxf5 $18) 27. Bd3 f5 28. h4+ Kh5 29. Be2+ Kg6 30. Bf4 Be4 31. Nc3 Bc6 32. a3
Re8 33. h5+ Kf6 34. h6 Kg6 35. Bd3 Re7 36. Bc2 Bf3 37. Bd3 Re8 38. Bc4 Bc6 39.
Be2 Re7 40. Bd3 Re8 41. a4 Rd8 42. Ke3 Re8+ 43. Kd2 Rd8 44. Ke3 Re8+ 45. Kf2
Rd8 46. Bc2 Re8 47. Be3 Re7 48. Ne2 Be4 49. Bb3 Re8 50. Nd4 Kh7 51. Bf4 Rc8 52.
Nf3 Bb1 53. Ne5 Rd8 54. Bf7 Rd6 55. Be8 1-0

[Event "RUS-ch 57th"]
[Site "Moscow"]
[Date "2004.11.15"]
[Round "1"]
[White "Kasparov, Garry"]
[Black "Bareev, Evgeny"]
[Result "1-0"]
[WhiteElo "2813"]
[BlackElo "2715"]
[Annotator "Lukacs,P"]
[PlyCount "95"]
[EventDate "2004.11.15"]
[EventType "tourn"]
[EventRounds "11"]
[EventCountry "RUS"]
[EventCategory "18"]
[SourceTitle "CBM 104"]
[Source "ChessBase"]
[SourceDate "2005.01.27"]
[SourceVersion "1"]
[SourceVersionDate "2005.01.27"]
[SourceQuality "1"]

1. e4 {[%mdl 1] Ftacnik} c6 2. d4 d5 3. Nd2 dxe4 4. Nxe4 Bf5 5. Ng3 Bg6 6. h4
h6 7. Nf3 e6 8. Ne5 Bh7 9. Bd3 Bxd3 10. Qxd3 Nd7 11. f4 Ngf6 12. Bd2 c5 13.
O-O-O Be7 14. Bc3 (14. dxc5 {aiming for a little bit better _|_.} Nxe5 (14...
Nxc5 $6 15. Qb5+ $16) (14... Bxc5 15. Bc3 (15. Qe2) 15... Nxe5 16. Bxe5 Qxd3
17. Rxd3 $14 {with slightly better chances in the _|_.}) 15. Qxd8+ Rxd8 16.
fxe5 Nd7 (16... Ng4 17. Ne4 $1 Nxe5 18. Bc3 $14) 17. b4 Nxe5 18. Bc3 $14) 14...
O-O 15. dxc5 (15. Nxd7 Qxd7 16. f5 (16. dxc5 Qa4 $1 (16... Qxd3 $2 {again
leads to a better _|_ for White.} 17. Rxd3 Bxc5 18. Bxf6 gxf6 19. Ne4 $16) 17.
Kb1 Qxf4 18. Rdf1 Qg4 19. Bxf6 Bxf6 20. Qf3 Qxf3 21. Rxf3 Rfd8 22. Rd3 Be7 23.
b4 a5 $15 {Sakelsek-Zelcic, Graz 2004}) (16. Kb1 {slows down the offensive:}
Rad8 17. f5 Nd5 $15) 16... Qd5 $1 (16... cxd4 17. Bxd4 Qa4 $5 (17... Rad8 18.
fxe6 fxe6 (18... Qxe6 $2 19. Rhe1 $16) 19. Qe2 {>< e6}) 18. Kb1 Rad8 19. fxe6
fxe6 (19... Bc5 $2 20. e7 $1 Bxe7 21. Nf5 $16) 20. Qe3 Qc4) 17. b3 $5 $13 (17.
Kb1 Qxg2 (17... cxd4 18. Bxd4) 18. fxe6 fxe6 19. Rhg1 Qd5 20. Qg6 Rf7 21. dxc5
Qxc5) 17... Qxg2 $5 {looks very risky, but a clear-cut refutation is not easy
to find:} (17... Rac8 $6 18. dxc5 $14 {Galliamova-Kortschnoj, Munich 2000 CBM
78}) (17... cxd4 18. Bxd4 Ba3+ (18... e5 19. Bb2 Qxg2 $132) 19. Kb1 e5 20. Ba1
Qxd3 21. Rxd3 $14 {Xie Jun-Chiburdanidze, SUFE Cup rapid 2001}) 18. fxe6 (18.
dxc5 $6 Rfd8 $1 19. Qe3 Nd5) 18... fxe6 19. Rhg1 Qd5 20. Qg6 Rf7 $13) (15. Qf3
cxd4 16. Bxd4 (16. Rxd4 Nxe5 17. fxe5 Nd5 {is not so frightening for Black.}
18. Kb1 Rc8 19. Nh5 Bxh4 20. Rd3 {1/2-1/2 Svetushkin-Zontakh, Herceg Novi 2001}
) 16... Nxe5 17. fxe5 $1 (17. Bxe5 Qb6 18. Ne4 Rfd8 19. Bxf6 Bxf6 20. Nxf6+
gxf6 $11 {1/2-1/2 Lutz-Dorfman, Germany 2001}) 17... Nd5 18. Ne4 Rc8 19. Kb1
Qc7 20. c3 Qc6 21. Qg4 f5 22. exf6 Nxf6 23. Bxf6 Bxf6 24. Rd6 $16 {G.
Timoshenko-Svetushkin, Kiev 2001}) (15. d5 $3 {(Ftacnik) Khalifman} Nxd5 16.
Nxd7 Qxd7 17. Bxg7 Kxg7 18. c4 Qa4 (18... Rg8 19. cxd5 Qxd5 20. Qxd5 exd5 21.
Nf5+ Kf8 22. Rxd5 Rxg2 23. Rd7 $14) 19. Nh5+ Kh8 20. cxd5 Qxa2 21. d6 $14)
15... Nxe5 {Ftacnik: 'Bareev and Dreev are playing the Caro Kann against any
opponent and know each corner of this solid opening. Despite that, Kasparov is
trying to get the initiative in one of the fashionable lines.'} (15... Nxc5
$142 16. Qf3 (16. Qe2 Qc7) 16... Qc7 (16... Qb6 17. Ng4 Qc6 18. Nxf6+ Bxf6 19.
Bxf6 gxf6 20. Nh5 $5 (20. Qxc6 bxc6 21. Rd6 Rac8 $11 {Baklan-Zontakh, Donetzk
zt UKR 1998}) 20... Qxf3 21. gxf3 f5 22. Rhg1+ Kh8 23. b4 Na6 24. a3 {keeping
the N out of play.} (24. Rd7 Nxb4 25. Rxb7 Nd5) 24... Rad8 25. c4 (25. Nf6 $6
Rxd1+ 26. Rxd1 Rc8 27. Rd7 Kg7 28. Nh5+ Kg6 29. Ng3 Rc7 $11) 25... Nc7 (25...
Rxd1+ {allows the penetration on the seventh rank.} 26. Rxd1 Rc8 27. c5 Nc7 28.
Rd7 $16) 26. Kc2 $14 {with << P majority}) 17. f5 $5 (17. Ng4 Ncd7) 17... Nd5
18. Nh5 {with some chances for an ->.}) 16. fxe5 $1 (16. Bxe5 Bxc5 17. Qf3 {
1/2-1/2 Jaracz-Zontakh, Bydgoszcz 2001}) 16... Nd5 (16... Qxd3 17. Rxd3 Nd5 18.
Ne4 $14) 17. Bd2 (17. Ne4 $5 Qc7 (17... Bxh4 18. Bd2 $16) 18. g4 Bxc5 19. g5
$40) 17... Qc7 {Ftacnik: 'Black has to defend very carefully, since immediate
swap on c5 was very dangerous.'} (17... Bxc5 $2 18. Nh5 $1 (18. Ne4 Qc7 19. g4
$1 Rad8 20. Nxc5 Qxc5 21. Qe4 $13) 18... Ne7 $1 19. Qe2 $1 Qb6 (19... Nf5 20.
Bxh6 Qa5 21. Bxg7 $1 $18) 20. Bxh6 gxh6 21. Nf6+ Kh8 22. Qe4 Nf5 23. g4 $16)
18. c4 Qxc5 19. Ne4 Qc6 $1 (19... Qc7 $6 20. Kb1 (20. Ng5 Bxg5 (20... g6 $4 21.
Nxe6 $1 $18) 21. hxg5 Rfc8 22. Rh4 b5 $1 $132) 20... Nb6 $5 (20... Nb4 21. Bxb4
Bxb4) 21. c5 $1 Nd7 22. Ng5 $1 Bxg5 23. hxg5 $16) 20. Kb1 (20. Ng5 $6 {looks
very exciting, but probably not enough.} g6 $5 (20... hxg5 $2 21. hxg5 f5 22.
gxf6 Nxf6 23. exf6 Bxf6 24. Bc3 $16) (20... Bxg5 21. hxg5 b5 22. gxh6 (22. c5
$5 Qxc5+ 23. Kb1 Qc4 24. Qf3 hxg5 25. Qh3 f5 $1 (25... Qe4+ 26. Ka1 f5 27. Qh7+
Kf7 28. Qh5+ Kg8 29. Qg6 $1 $18) 26. Qh7+ (26. Bxg5 Qg4 $1 (26... Qe4+ 27. Ka1
Qxe5 28. Rde1 $16) 27. Qh7+ Kf7 28. Rxd5 Qe4+ (28... exd5 29. e6+ $1 $18) 29.
Ka1 Qxd5 30. Qh5+ Kg8 31. Qh7+ $11 (31. Bf6 $5 Qxg2 32. Qh7+ Kf7 33. Rd1 Rg8
34. Rd7+ Kf8 35. a3 $2 Qf1+ 36. Ka2 Qc4+ 37. Ka1 $11)) 26... Kf7 27. Qh5+ (27.
Rh6 Rg8) 27... Kg8 28. Qg6 Ne7 $1 29. Qxg5 Nc6 30. Rh4 Qd3+ 31. Ka1 Rad8 32.
Qg6 Nd4 $11) 22... Qxc4+ 23. Qxc4 bxc4 24. Rh4 $14) 21. Kb1 Nb6 $13) 20... Nb6
(20... Nb4 $1 {Ftacnik} 21. Bxb4 Bxb4 22. b3 Rfd8 23. Qf3 Qc7 $11) 21. b3 (21.
c5 $6 Nd7 22. Ng5 f5 $1 $17) 21... Rad8 22. Qf3 Rd4 (22... Nd7 23. Bc3 Qc7 24.
g4 $1 {White has to attack on the >>.} (24. Nf6+ Kh8 $13 (24... gxf6 $2 25.
exf6 $16)) 24... Nxe5 25. Qg3 f6 26. g5 Kh7 27. Rxd8 (27. gxh6 gxh6) 27... Qxd8
28. gxf6 gxf6 29. Bxe5 fxe5 30. h5 $14) 23. Nd6 {Ftacnik: 'White fishes for
wonders and sends a troyan horse into the heart of Black's position. '} (23.
Rde1 $5 $36) 23... f6 (23... Qxf3 24. gxf3 Rxh4 (24... f6 25. Nb5 $14) (24...
Bxd6 25. exd6 $14) 25. Rxh4 Bxh4 26. Be3 $14 {with slightly better chances on
the <<.}) 24. Nb5 (24. Qxc6 bxc6 25. Be3 Rxd1+ 26. Rxd1 fxe5 27. Ne4 Bxh4 28.
Rd6 Rf1+ 29. Kc2 $14 {and the weaknesses on the << begin to tell.}) 24... Qxf3
(24... Qe4+ 25. Qxe4 Rxe4 26. exf6 Rxf6 (26... Bxf6 27. Bb4) 27. Bc3 $14) 25.
gxf3 Rd3 26. Ba5 $1 (26. Kc2 $5) 26... Rxd1+ (26... Rxf3 $5 27. Nd4 Rf2 28.
Nxe6 $14) 27. Rxd1 Nc8 (27... fxe5 28. Nxa7 Bc5 29. Nb5 $16) 28. Rd7 {Ftacnik:
'It becomes clear, that White is playing with enormous energy on the queenside.
Bareev has to decide, what is the best way to create counterplay on the
opposite part of the board.'} fxe5 29. Rxb7 Bxh4 $2 {This is the decisive
mistake.} (29... Rxf3 30. Nxa7 Nxa7 31. Rxa7 Bxh4 32. c5 $1 $14) 30. Bb4 Rd8
31. Ba5 Rf8 32. Bb4 Rd8 33. c5 (33. Nxa7 {'!' Ftacnik.} Nxa7 34. Rxa7 $18 Bf2 {
Ftacnik} 35. Ra6 $16) 33... Be7 $2 (33... a6 $5 {'!' Ftacnik.} 34. Nc7 (34. Na7
{Ftacnik} h5 $1 35. c6 Nxa7 36. Rxa7 Rc8 $11) 34... Ne7 35. Nxa6 (35. Nxe6 {
Ftacnik} Rd1+ 36. Kc2 Rf1 37. Ra7 Rxf3 38. Rxa6 Kf7 $11) 35... Rd3 36. Nb8 $1
$16) 34. Nxa7 $1 Nxa7 (34... e4 35. fxe4 Nxa7 36. Rxe7 $18) 35. Rxa7 Bf8 (35...
Kf8 36. Rb7 $16) 36. Ba5 $2 (36. Rc7 $18 {'?' Ftacnik. was better!} Rd3 {
Ftacnik} 37. Ba5 Rxf3 38. b4 h5 $1 39. b5 h4 $19) (36. Ba3 $5 {Ftacnik} h5 (
36... Rd3 37. b4 Rxf3 38. b5 $16) 37. b4 h4 38. Bb2 Rd5 39. c6 h3 40. c7 h2 41.
c8=Q h1=Q+ 42. Bc1 Qxf3 43. Qxe6+ Kh8 $13) 36... Bxc5 37. Rxg7+ (37. Bxd8 Bxa7
38. Kc2 e4 $1 39. fxe4 Kf7 $13) 37... Kxg7 38. Bxd8 Ba3 $2 ({missing} 38... Kg6
$1 39. a4 (39. Kc2 Kf5 40. Kd3 (40. Kc3 e4 41. fxe4+ Kxe4 42. b4 Bf2 43. a4 h5
$132) 40... Kf4 $1 $132) 39... Kf5 40. a5 e4 $11) 39. Kc2 Kg6 40. Kc3 $1 $18 {
/\ b4} h5 (40... Kf5 41. b4 $1 e4 42. fxe4+ Kxe4 43. Kc4 Bxb4 44. Kxb4 Kd5 45.
Kb5 Kd6 46. Bb6) 41. b4 $1 Kf5 42. Kb3 Bc1 43. b5 Kf4 44. a4 Kxf3 45. a5 e4 46.
a6 Be3 47. b6 h4 48. a7 1-0

[Event "RUS-ch 57th"]
[Site "Moscow"]
[Date "2004.11.25"]
[Round "9"]
[White "Morozevich, Alexander"]
[Black "Korotylev, Alexey"]
[Result "1-0"]
[WhiteElo "2758"]
[BlackElo "2596"]
[Annotator "Marin,M"]
[PlyCount "127"]
[EventDate "2004.11.15"]
[EventType "tourn"]
[EventRounds "11"]
[EventCountry "RUS"]
[EventCategory "18"]
[SourceTitle "CBM 104"]
[Source "ChessBase"]
[SourceDate "2005.01.27"]
[SourceVersion "1"]
[SourceVersionDate "2005.01.27"]
[SourceQuality "1"]

1. e4 c5 2. Nf3 Nc6 3. d4 cxd4 4. Nxd4 Nf6 5. Nc3 d6 6. f3 e5 7. Nb3 Be7 8. Be3
O-O 9. Qd2 a5 10. Bb5 Be6 11. Rd1 Na7 12. Be2 Nc8 13. Qc1 Qc7 14. Nb5 Qc6 15.
c4 Nb6 16. Nd2 Rfc8 17. O-O Nxc4 18. Bxc4 Bxc4 19. Qxc4 Qxc4 20. Nxc4 Rxc4 21.
Nxd6 Rc2 22. Nf5 Kf8 23. Rf2 Rac8 24. g4 g6 25. Nd6 Bxd6 26. Rxc2 Rxc2 27. Rxd6
Ne8 28. Rd5 f6 29. g5 Ke7 30. b3 Ke6 31. gxf6 Nxf6 32. Rxa5 Rc3 33. Bg5 Rxf3
34. Bxf6 Kxf6 35. Rb5 Rd3 36. a4 Rd7 37. Kf2 Kg5 38. Ke3 Re7 {The pawn
structure is more or less symmetrical with respect to the central point of the
board. White's rook is more active than its black colleague but in
compensation the Black king is betterplaced than his rival. The position can
be assesed as about equal.} 39. Ra5 b6 {Not really necessary.} ({The immediate
start of the counterattack with} 39... Kg4 {would have been entirely possible.
Blackmight have feared the pin resulting after} 40. Ra7 {but it wouldn't have
yielded White more than equality:} Kh3 41. a5 Kxh2 42. a6 (42. b4 $6 g5 43. b5
$2 g4 44. a6 g3 45. Rxb7 g2 $19) 42... Re6 $1 {(This move is easy to overlook
in advance.)} 43. Rxb7 (43. axb7 Rb6) 43... Rxa6 44. Rxh7+ $11) 40. Rd5 ({With
} 40. Rb5 Re6 41. b4 Kg4 42. a5 bxa5 43. bxa5 g5 44. Rb2 (44. Rb6 Rh6 $3 45.
Rxh6 $11) 44... Ra6 45. Ra2 {White would have managed to place the rookbehind
the passed pawn, but after} h5 46. Kd3 Kf3 $132 {Black's counterplay is
entirely adequate.}) 40... Re6 ({Once again,} 40... Kg4 {would lead to a
breathtaking race, although this time it all looks a bit more dangerous for
Black:} 41. Rd6 b5 $1 (41... Kh3 42. Rxb6 Kxh2 43. a5 g5 44. a6 h5 45. Rb7 Re6
46. a7 Ra6 47. b4 Ra3+ 48. Ke2 h4 49. b5 g4 50. b6 Ra2+ 51. Kd3 g3 52. Rh7 h3
53. b7 Rxa7 54. Rxh3+ Kxh3 55. b8=Q $18) (41... Rb7 42. Re6 Kh3 43. Rxe5 Kxh2
44. Rb5 Kg3 45. a5 Ra7 46. axb6 Rb7 47. e5 $18) 42. a5 b4 43. Rb6 Ra7 44. a6
Kh3 45. Kd3 Kxh2 46. Kc4 g5 47. Kxb4 h5 48. Kb5 {and now} Kg3 $1 $132 {
avoiding the loss of any of his connected pawns, seems to offer entirely
adequate counterplay.}) 41. b4 Kg4 $132 42. Rd7 h5 43. Kd3 g5 (43... Kf3 $5)
44. Kc4 h4 45. Kd5 Re8 46. Rg7 h3 (46... Ra8 $5 47. Kxe5 Rxa4 48. Kf6 Rxb4 49.
Rxg5+ Kh3 50. e5 Kxh2 51. e6 Rf4+ $1 {It is important to distract the white
rook from the g-file in order to get some freedom for the king.} ({The
straightforward} 51... Rc4 $2 {would lose after} 52. e7 Rc8 53. Kf7 h3 54. Rg8
Rc7 55. Kf6 Rxe7 56. Kxe7 b5 57. Kf6 b4 {Black shouldn't rush with Kh1 and h2
because this would lead to no stalemate, due to the presence of an additional
pawn on board. White would be just in time to simply bring his king to f3 and
play Re8, mating.} 58. Kf5 b3 59. Kf4 b2 60. Rb8 Kg1 61. Rxb2 h2 62. Kg3 h1=N+
63. Kf3 $18) 52. Rf5 Rc4 53. e7 Rc8 54. Rd5 Re8 55. Rd8 Rxe7 56. Kxe7 Kg2 $11)
47. Rg6 Ra8 48. Kxe5 Rxa4 49. Kf6 Kf4 50. e5 Ra2 51. e6 Rxh2 52. Rxg5 Re2 53.
Rg1 h2 54. Rd1 Rd2 55. Rf1+ {This is the only way of avoiding the perpetual
pursue of the rook along the second rank.} Kg3 56. e7 Rf2+ 57. Rxf2 Kxf2 58.
e8=Q h1=Q {This ending is objectively drawn, but it certainly looks unpleasant
for Black. His king b-pawn is in danger.} 59. b5 Qd5 60. Qc6 Qd4+ 61. Ke6 Ke1
62. Qd5 Qc5 $4 {Cracking under the psichologic pressure.} ({Losing the b-pawn
would not have meant losing the game yet. After, for instance} 62... Qc3 63.
Kd6 Kf2 64. Qc6 Qg7 65. Qxb6+ $11 {the position is drawn according to the
Nalimov tablebases, but this is difficult to foresee during the game.}) 63.
Qxc5 bxc5 64. Kd5 {probably overlooked by Black.} (64. b6 c4 65. b7 c3 66. b8=Q
c2 $11) 1-0